000 00737cab a2200229 4500
001 WB2931-67
008 090401t xxu||||| |||| 00| 0 eng d
035 _a(Sirsi) u6014
041 _aeng
245 _aRICS forms valuation working party
260 _c(PR164/93comm) 23 August 1993(3)
350 _a0
490 _aRICS Press Release
_v(PR164/93comm) 23 August 1993(3)
520 _aAn RICS Presidential Working Party into trends in client demand for commercial valuation advice has been set up with Michael Mallinson as chairman.
650 _aCLIENT DEMAND
650 _aCOMMERCIAL VALUATIONS
650 _aRICS WORKING PARTY
650 _aVALUATIONS
690 _aRATING AND VALUATION
942 _n0
948 _c04/03/1997
999 _c3602
_d3602